[Event "45th Rilton Cup 2015-16"]
[Site "Stockholm SWE"]
[Date "2016.01.05"]
[Round "9.19"]
[White "Sagit, Rauan"]
[Black "Lundin, Jan"]
[Result "1-0"]
[WhiteTitle "FM"]
[BlackTitle "FM"]
[WhiteElo "2375"]
[BlackElo "2230"]
[WhiteFideId "1708376"]
[BlackFideId "1706896"]
[EventDate "2015.12.27"]

1. Nf3 d5 2. g3 c6 3. Bg2 Bg4 4. d3 Nf6 5. Nbd2 e6 6. h3 Bxf3 7. Nxf3 Be7 8. O-O
O-O 9. b3 a5 10. a4 Nfd7 11. e4 Na6 12. Qe2 Re8 13. Bb2 Nc7 14. Rfd1 Ra6 15. d4
Qb8 16. Ne1 b5 17. Nd3 Bf6 18. Ne5 Nxe5 19. dxe5 Be7 20. axb5 Qxb5 21. Qxb5 Nxb5
22. exd5 cxd5 23. Bf1 Rb8 24. c4 dxc4 25. Bxc4 Ra7 26. Rd3 h6 27. Bc1 Bb4 28.
Bb2 Kf8 29. Kg2 Ke7 30. f4 Rd7 31. Rxd7+ Kxd7 32. f5 exf5 33. Bxf7 Ke7 34. Bc4
Nc7 35. Rf1 g6 36. g4 Ne6 37. gxf5 gxf5 38. Rxf5 Rg8+ 39. Kf3 Ng5+ 40. Ke3 Rd8
41. h4 Bc5+ 42. Kf4 Rd2 43. Bc3 Rf2+ 44. Kg4 Rxf5 45. Kxf5 Nf3 46. h5 Bb4 47.
Bb2 Bd2 48. Bd5 Ng5 49. Ba3+ Ke8 50. e6 Bb4 51. Bxb4 axb4 52. Kf6 Nh7+ 53. Kg7
Nf8 54. Kxh6 Ke7 55. Kg7 1-0

[Event "45th Rilton Cup 2015-16"]
[Site "Stockholm SWE"]
[Date "2016.01.05"]
[Round "9.20"]
[White "Thorn, Eric"]
[Black "Akesson, Ralf"]
[Result "0-1"]
[BlackTitle "GM"]
[WhiteElo "2140"]
[BlackElo "2421"]
[WhiteFideId "1710729"]
[BlackFideId "1700120"]
[EventDate "2015.12.27"]

1. d4 Nf6 2. c4 e6 3. Nf3 d5 4. Nc3 Be7 5. Bg5 O-O 6. e3 h6 7. Bh4 b6 8. Qa4 Bb7
9. Be2 dxc4 10. O-O Nbd7 11. Rfd1 a6 12. Qxc4 b5 13. Qb3 c5 14. dxc5 Qc7 15.
Rac1 Nxc5 16. Qc2 Rac8 17. Qb1 b4 18. Na4 Nfe4 19. Nxc5 Nxc5 20. Rd4 Bxh4 21.
Rxh4 Qe7 22. Rxb4 Bxf3 23. gxf3 Nd3 24. Rxc8 Rxc8 25. Bxd3 Qxb4 26. Bxa6 Rc5 27.
Qd3 Qxb2 28. Qd8+ Kh7 29. Bd3+ g6 30. f4 Rd5 0-1

[Event "45th Rilton Cup 2015-16"]
[Site "Stockholm SWE"]
[Date "2016.01.05"]
[Round "9.21"]
[White "Lindgren, Philip"]
[Black "Haug, Johannes"]
[Result "1-0"]
[WhiteTitle "FM"]
[BlackTitle "FM"]
[WhiteElo "2418"]
[BlackElo "2247"]
[WhiteFideId "1713230"]
[BlackFideId "1509268"]
[EventDate "2015.12.27"]

1. c4 e5 2. g3 Nc6 3. Bg2 Bc5 4. Nc3 a6 5. d3 d6 6. Nf3 Ba7 7. Rb1 Nge7 8. O-O
h6 9. b4 Be6 10. a4 a5 11. b5 Nd4 12. Nd2 Rb8 13. e3 Ndf5 14. Nd5 Bc5 15. Nb3 b6
16. d4 Bxd5 17. cxd5 exd4 18. e4 O-O 19. exf5 Nxf5 20. Be4 Qf6 21. Qd3 1-0

[Event "45th Rilton Cup 2015-16"]
[Site "Stockholm SWE"]
[Date "2016.01.05"]
[Round "9.22"]
[White "Nyysti, Sampsa"]
[Black "Krantz, Christopher"]
[Result "1-0"]
[WhiteTitle "IM"]
[WhiteElo "2370"]
[BlackElo "2230"]
[WhiteFideId "502138"]
[BlackFideId "1707876"]
[EventDate "2015.12.27"]

1. e4 e5 2. Nf3 Nc6 3. Bb5 Nf6 4. d3 Bc5 5. O-O d6 6. c3 O-O 7. Re1 Bb6 8. h3
Ne7 9. d4 Ng6 10. Nbd2 c6 11. Bd3 Re8 12. Nf1 Nh5 13. Nxe5 Nxe5 14. dxe5 dxe5
15. Qxh5 Qxd3 16. Be3 Qb5 17. b3 Be6 18. Red1 f6 19. Rd2 Qa5 20. Bxb6 Qxc3 21.
Rad1 axb6 22. Ne3 Qb4 23. Qf3 Qf8 24. Nf5 Rad8 25. Nd6 Re7 26. Qe3 b5 27. Kh2 h6
28. Rd3 Kh7 29. h4 h5 30. R1d2 g6 31. Qc5 Rdd7 32. a4 bxa4 33. bxa4 Qh6 34. Ne8
Rxe8 35. Rxd7+ Bxd7 36. Rxd7+ Kh8 37. Rxb7 Rg8 38. Qxc6 Qf4+ 39. Kg1 Rd8 40. Rb1
Qxh4 41. Qc7 Rg8 42. Rb7 1-0

[Event "45th Rilton Cup 2015-16"]
[Site "Stockholm SWE"]
[Date "2016.01.05"]
[Round "9.23"]
[White "Ertan, Can"]
[Black "Engqvist, Thomas"]
[Result "1-0"]
[WhiteTitle "FM"]
[BlackTitle "IM"]
[WhiteElo "2241"]
[BlackElo "2358"]
[WhiteFideId "6306330"]
[BlackFideId "1700332"]
[EventDate "2015.12.27"]

1. e4 c5 2. Nf3 d6 3. d4 Nf6 4. dxc5 Nxe4 5. cxd6 Nc6 6. Bd3 Nxd6 7. O-O g6 8.
Re1 Bg7 9. Nc3 O-O 10. Bf4 Nb4 11. Be5 Re8 12. Bxg6 hxg6 13. Bxg7 Nxc2 14. Qxc2
Bf5 15. Qa4 Kxg7 16. Rad1 a6 17. Nd5 Rc8 18. Qd4+ Kg8 19. Qh4 f6 20. Qh6 e5 21.
g4 Nf7 22. Qe3 Bxg4 23. Nb6 Qe7 24. Nxc8 Rxc8 25. h3 Bh5 26. Rc1 Rxc1 27. Rxc1
Qe6 28. Nd2 Ng5 29. h4 Nf7 30. Kh2 Qg4 31. Rc4 Qe6 32. Rc7 Qg4 33. Qe4 Qd1 34.
Qd5 g5 35. hxg5 fxg5 36. Rc3 Kg7 37. Rg3 Bg6 38. Qd7 Be4 39. Rxg5+ Kh6 40. Rg1
Ng5 41. Qd6+ Bg6 42. Rxg5 Kxg5 43. Ne4+ Bxe4 44. Qxd1 1-0

[Event "45th Rilton Cup 2015-16"]
[Site "Stockholm SWE"]
[Date "2016.01.05"]
[Round "9.24"]
[White "Eriksson, Jorgen"]
[Black "Koykka, Pekka"]
[Result "0-1"]
[BlackTitle "FM"]
[WhiteElo "2206"]
[BlackElo "2326"]
[WhiteFideId "1701967"]
[BlackFideId "504319"]
[EventDate "2015.12.27"]

1. d4 e6 2. Nf3 c5 3. c4 Nf6 4. g3 cxd4 5. Nxd4 Bb4+ 6. Bd2 Bc5 7. Nb3 Be7 8.
Nc3 O-O 9. Rc1 Nc6 10. Bg2 Ne5 11. Nb5 d5 12. cxd5 Nxd5 13. O-O Nc6 14. Nc3 Bf6
15. Nc5 Nde7 16. N3e4 Bxb2 17. Rb1 Bd4 18. Nxb7 Bxb7 19. Rxb7 Bb6 20. Bg5 f6 21.
Rd7 Qe8 22. Bc1 Rd8 23. Rxd8 Qxd8 24. Ba3 Qxd1 25. Rxd1 Rd8 26. Rxd8+ Bxd8 27.
Kf1 Ne5 28. Bc5 Nc8 29. Ke1 Kf7 30. Kd2 f5 31. Nc3 Ba5 32. Kc2 Bb6 33. Bxb6 axb6
34. h3 Ke7 35. Nb5 Nd6 36. Nd4 Ne8 37. Nb5 Nd6 38. Nd4 Ne8 39. Nc6+ Nxc6 40.
Bxc6 Nc7 41. Bb7 Kd6 42. e4 Ke5 43. exf5 exf5 44. Kd3 g5 45. Ke3 Ne6 46. Bc8 f4+
47. gxf4+ Nxf4 48. Kf3 h5 49. Bd7 Nd5 50. Be8 Nf6 51. Bf7 Kd4 52. Kg3 h4+ 53.
Kf3 b5 54. Be6 b4 55. Bb3 Ne4 56. Bg8 Ke5 57. Bf7 Nd6 58. Bb3 Ne4 59. Bf7 Nf6
60. Bb3 Kd4 61. Be6 Kd3 62. Bb3 Kd2 63. Be6 Ke1 64. Bc4 Nd7 65. Ke3 Ne5 66. Be6
Ng6 67. Kf3 Nf4 68. Bc8 Kf1 69. Bd7 Kg1 70. Kg4 Kxf2 71. Bc8 Kg2 72. Kxg5 Kg3
73. Kf5 Nxh3 74. Ke4 Nf2+ 75. Kd4 Ng4 76. Bb7 h3 77. Kd3 Kf2 78. Kd2 h2 79. Bh1
Ne3 80. Kd3 Ng2 0-1

[Event "45th Rilton Cup 2015-16"]
[Site "Stockholm SWE"]
[Date "2016.01.05"]
[Round "9.25"]
[White "Hakimifard, Ghazal"]
[Black "Schekachikhin, Maksim"]
[Result "1/2-1/2"]
[WhiteTitle "WIM"]
[BlackTitle "FM"]
[WhiteElo "2169"]
[BlackElo "2321"]
[WhiteFideId "12506540"]
[BlackFideId "24177830"]
[EventDate "2015.12.27"]

1. e4 c5 2. Nf3 e6 3. d4 cxd4 4. Nxd4 Nc6 5. Nc3 Qc7 6. g3 a6 7. Bg2 d6 8. O-O
Bd7 9. Nb3 Nf6 10. a4 b6 11. f4 Be7 12. Be3 h5 13. h3 Rc8 14. Qe2 Nb4 15. Qf2
Qb8 16. a5 b5 17. Ba7 Qc7 18. Rae1 Bc6 19. Bb6 Qb7 20. Nd4 Nd7 21. f5 e5 22.
Nxc6 Qxc6 23. Be3 Nf6 24. Re2 Bd8 25. Ra1 Qb7 26. Nd5 Nbxd5 27. exd5 Rc4 28. b3
Rc8 29. Qe1 O-O 30. Qb4 Qc7 31. Rf1 Re8 32. Kh2 Ra8 33. c4 bxc4 34. bxc4 Rc8 35.
Rc2 Nd7 36. Qa4 Bf6 37. Qc6 Red8 38. Qxa6 Nc5 39. Qb6 Qd7 40. Qb5 Qe7 41. a6 h4
42. g4 e4 43. Ra2 Nd3 44. a7 Qe5+ 45. Kh1 Qg3 46. Bg1 Be5 47. Qb6 Nc5 48. Qb4
Ra8 49. Rb1 e3 50. Qe1 Qf4 51. Qxe3 Qxc4 52. Ra3 Qc2 53. Rb4 Qd1 54. Qf3 Qe1 55.
Rb5 Qc1 56. Qe3 Qc4 57. Rb1 Re8 58. Qe1 Qc2 59. Qd1 Qc4 60. Qf1 Qc2 61. Qd1 Qc4
62. Qf3 Qc2 63. Rb4 Qd2 64. Rc4 Rec8 65. Qe3 Qb2 66. Ra5 Bg3 67. Qa3 Qb1 68. Rc1
Qb6 69. Bxc5 Rxc5 70. Rcxc5 dxc5 71. Qxc5 Qxc5 72. Rxc5 Rxa7 73. Rc8+ Kh7 74.
Be4 Kh6 75. Kg2 Kg5 76. Rc4 Ra2+ 77. Bc2 Be5 78. Kf3 Ra3+ 79. Ke4 Bf4 80. Bd3
Ra1 81. Rc6 Ra4+ 82. Bc4 Rb4 83. Rc8 Bg3 84. Kd4 Bf2+ 85. Kc3 Be1+ 86. Kd3 Bg3
87. Ke4 Rb6 88. Rf8 Rb7 89. Rd8 Rb6 90. Rd7 Rf6 91. Ke3 Bf4+ 92. Kd4 Bg3 93. Kc5
Bf2+ 94. Kb5 Rb6+ 95. Ka5 Rf6 96. Kb4 g6 97. Bd3 Bg3 98. Kc5 Bf2+ 99. Kc4 Bg3
100. Kc5 Bf4 101. Re7 Bg3 102. Rd7 Bf4 1/2-1/2

[Event "45th Rilton Cup 2015-16"]
[Site "Stockholm SWE"]
[Date "2016.01.05"]
[Round "9.26"]
[White "Jogstad, Martin"]
[Black "Cukrowski, Filip"]
[Result "0-1"]
[WhiteElo "2125"]
[BlackElo "2320"]
[WhiteFideId "1715364"]
[BlackFideId "1171097"]
[EventDate "2015.12.27"]

1. c4 Nf6 2. g3 e5 3. Bg2 d5 4. cxd5 Nxd5 5. Nf3 Nc6 6. O-O Nb6 7. d3 Be7 8.
Nbd2 O-O 9. a3 a5 10. b3 f5 11. Bb2 Bf6 12. Rc1 Qe7 13. Qc2 Be6 14. Rfe1 g5 15.
e4 Qd6 16. exf5 Bxf5 17. Ne4 Bxe4 18. dxe4 g4 19. Rcd1 Qe7 20. Nd2 Rad8 21. Nc4
Qc5 22. Ne3 Qxc2 23. Nxc2 a4 24. b4 Nc4 25. Bc1 Nd4 26. Ne3 Nxe3 27. Bxe3 Nc2
28. Rxd8 Rxd8 29. Rc1 Nxe3 30. fxe3 c6 31. Bf1 Rd2 32. Bc4+ Kg7 33. Be6 Rd3 34.
Bc8 Rxa3 35. Bxb7 Rxe3 36. Bxc6 a3 37. Bd5 Bd8 38. Rc6 Re1+ 39. Kf2 Rb1 40. Ra6
Rxb4 41. Rxa3 Bb6+ 42. Ke2 Rb2+ 43. Kd3 Rxh2 44. Rb3 Bd4 45. Rb7+ Kg6 46. Be6 h5
47. Bf5+ Kf6 48. Rh7 Rh3 49. Kc4 Rxg3 50. Rxh5 Rc3+ 51. Kd5 g3 52. Rh6+ Kg5 53.
Rg6+ Kf4 54. Bh3 Rc2 55. Rf6+ Kg5 56. Rf8 Rh2 57. Bf1 Kg4 58. Rg8+ Kf3 59. Rf8+
Ke3 60. Rg8 Kf2 61. Rf8+ Ke1 62. Rf3 Bf2 63. Bc4 g2 64. Kxe5 g1=Q 65. Rf5 Qg7+
66. Kd5 Qd4+ 0-1

[Event "45th Rilton Cup 2015-16"]
[Site "Stockholm SWE"]
[Date "2016.01.05"]
[Round "9.27"]
[White "Kolbus, Dietmar"]
[Black "Schitco, Ivan"]
[Result "1/2-1/2"]
[WhiteTitle "IM"]
[WhiteElo "2315"]
[BlackElo "2210"]
[WhiteFideId "4610628"]
[BlackFideId "13905465"]
[EventDate "2015.12.27"]

1. c4 e5 2. Nc3 Bb4 3. g3 Bxc3 4. dxc3 d6 5. Bg2 Ne7 6. e4 Nbc6 7. Nf3 Be6 8.
Nd2 Qd7 9. h3 a5 10. a4 b6 11. Qe2 f6 12. Nf1 h5 13. Ne3 h4 14. g4 g5 15. Nd5
O-O 16. Qf3 Kg7 17. Bf1 Ng6 18. Bd3 Nf4 19. Bc2 Bf7 20. O-O Bg6 21. Kh2 Ne7 22.
Qd1 Rab8 23. b3 Rfd8 24. Ra2 Nexd5 25. cxd5 c6 26. Bxf4 exf4 27. c4 c5 28. f3
Qe7 29. Bd3 Qe5 30. Qa1 Kh6 31. Qxe5 1/2-1/2

[Event "45th Rilton Cup 2015-16"]
[Site "Stockholm SWE"]
[Date "2016.01.05"]
[Round "9.28"]
[White "Storme, Isak"]
[Black "Rydstrom, Tom"]
[Result "0-1"]
[BlackTitle "FM"]
[WhiteElo "1864"]
[BlackElo "2266"]
[WhiteFideId "1728113"]
[BlackFideId "1714830"]
[EventDate "2015.12.27"]

1. e4 e5 2. Nf3 Nc6 3. Bb5 a6 4. Ba4 Nf6 5. O-O Bc5 6. c3 b5 7. Bb3 d6 8. d4 Bb6
9. Bg5 Bb7 10. Re1 O-O 11. Qd3 Re8 12. Nbd2 Na5 13. Bc2 h6 14. Bh4 c5 15. dxc5
dxc5 16. Qxd8 Raxd8 17. Bxf6 gxf6 18. Nf1 Nc4 19. Rab1 f5 20. Ne3 Nxe3 21. Rxe3
c4 22. Re2 fxe4 23. Bxe4 Bxe4 24. Rxe4 f5 25. Rxe5 Rxe5 26. Nxe5 Rd2 27. Kh1
Rxf2 28. b3 Bc7 29. Nc6 Rxa2 30. bxc4 bxc4 31. Ne7+ Kf7 32. Nd5 Be5 33. g3 Ke6
34. Ne3 Bxc3 35. Rb6+ Ke5 36. Nxc4+ Ke4 37. Rb3 Bg7 38. Nd6+ Ke5 39. Ne8 Bf8 40.
Nc7 a5 41. Rb5+ Ke4 42. Ne8 Be7 43. Ng7 a4 44. Nxf5 Bf8 45. Rb8 Bc5 46. Nxh6 a3
47. g4 Rxh2+ 48. Kxh2 Bd6+ 0-1

[Event "45th Rilton Cup 2015-16"]
[Site "Stockholm SWE"]
[Date "2016.01.05"]
[Round "9.29"]
[White "Sarwer, Jeff"]
[Black "Johansson, Linus"]
[Result "0-1"]
[WhiteTitle "FM"]
[BlackTitle "IM"]
[WhiteElo "2263"]
[BlackElo "2423"]
[WhiteFideId "2604213"]
[BlackFideId "1711113"]
[EventDate "2015.12.27"]

1. d4 Nf6 2. c4 e6 3. Nf3 b6 4. g3 c6 5. Bg2 d5 6. b3 Bb4+ 7. Bd2 Be7 8. O-O O-O
9. Qc2 Bb7 10. Nc3 Na6 11. Bf4 Nh5 12. Bc1 dxc4 13. bxc4 c5 14. d5 Nb4 15. Qb3
exd5 16. cxd5 Bxd5 17. Nxd5 Qxd5 18. Qxd5 Nxd5 19. Ne5 Bf6 20. f4 Rad8 21. Bxd5
Rxd5 22. e4 Bxe5 23. fxe5 Rxe5 24. a4 Rxe4 25. a5 Nf6 26. Rd1 b5 27. Bg5 a6 28.
Rd6 Re6 29. Rad1 Rxd6 30. Rxd6 Ne4 0-1

[Event "45th Rilton Cup 2015-16"]
[Site "Stockholm SWE"]
[Date "2016.01.05"]
[Round "9.30"]
[White "Martins, David Pires Tavares"]
[Black "Radionov, Timur"]
[Result "1-0"]
[WhiteTitle "FM"]
[BlackTitle "FM"]
[WhiteElo "2372"]
[BlackElo "2321"]
[WhiteFideId "1909991"]
[BlackFideId "34178772"]
[EventDate "2015.12.27"]

1. b3 e5 2. Bb2 Nc6 3. e3 Nf6 4. Bb5 Bd6 5. Na3 e4 6. Ne2 Be5 7. Qc1 O-O 8. Ng3
d5 9. Bxc6 Bxb2 10. Qxb2 bxc6 11. O-O Qe7 12. f3 exf3 13. Rxf3 Ne4 14. Nxe4 dxe4
15. Rf2 f5 16. Nc4 Qf6 17. Qxf6 Rxf6 18. d4 exd3 19. cxd3 Ba6 20. Ne5 Re8 21. d4
c5 22. Rc1 cxd4 23. exd4 Rd6 24. Rxf5 Rxd4 25. Nf3 Rd7 26. Ra5 Bb7 27. Rc2 a6
28. Rac5 Ree7 29. Re5 Bxf3 30. Rxe7 Rxe7 31. gxf3 c5 32. Rxc5 Re1+ 33. Kf2 Ra1
34. Ra5 1-0

[Event "45th Rilton Cup 2015-16"]
[Site "Stockholm SWE"]
[Date "2016.01.05"]
[Round "9.31"]
[White "Arman, Deniz"]
[Black "Glimbrant, Torbjorn"]
[Result "1/2-1/2"]
[WhiteTitle "FM"]
[WhiteElo "2332"]
[BlackElo "2192"]
[WhiteFideId "6302106"]
[BlackFideId "1700995"]
[EventDate "2015.12.27"]

1. e4 e5 2. Nf3 Nc6 3. Bb5 a6 4. Bxc6 dxc6 5. O-O f6 6. d4 Bg4 7. dxe5 Qxd1 8.
Rxd1 fxe5 9. Rd3 Bd6 10. Nbd2 b5 11. b3 Nf6 12. Bb2 Nd7 13. h3 Bh5 14. Nh4 O-O-O
15. g4 Bg6 16. Nf5 Nc5 17. Re3 Ne6 18. Nf3 Bc5 19. Rc3 Bd4 20. N3xd4 Nxd4 21.
Rc5 Bxf5 22. exf5 g6 23. Bxd4 exd4 24. fxg6 hxg6 25. Kg2 Kb7 26. Rd1 Kb6 27. Rg5
Rd6 28. b4 a5 29. a3 axb4 30. axb4 Ra8 31. Kg3 Ra4 32. f4 Rxb4 33. f5 gxf5 34.
Rxf5 Rb2 35. Rf2 b4 36. g5 b3 37. cxb3 Rxb3+ 38. Kg4 d3 39. h4 Rb4+ 40. Rf4 Rdd4
41. Rxd4 Rxd4+ 42. Kg3 c5 43. g6 c4 44. Rb1+ Kc5 45. g7 Rd8 46. h5 c3 47. h6 c2
48. Rc1 Kb4 49. h7 d2 50. Rxc2 d1=Q 51. Rb2+ Ka3 52. h8=Q Rd3+ 53. Kh2 Rd2+ 54.
Rxd2 Qxd2+ 55. Kg3 Qe3+ 56. Kg4 Qe4+ 57. Kg5 Qe5+ 58. Kh6 Qf6+ 59. Kh7 Qf5+ 60.
Kg8 Qc8+ 1/2-1/2

[Event "45th Rilton Cup 2015-16"]
[Site "Stockholm SWE"]
[Date "2016.01.05"]
[Round "9.33"]
[White "Hejazipour, Mitra"]
[Black "Martinsen, Stig K"]
[Result "1-0"]
[WhiteTitle "WGM"]
[WhiteElo "2357"]
[BlackElo "2162"]
[WhiteFideId "12505951"]
[BlackFideId "1502824"]
[EventDate "2015.12.27"]

1. d4 Nf6 2. c4 c5 3. d5 b5 4. cxb5 a6 5. e3 g6 6. Nc3 Bg7 7. Nf3 O-O 8. a4 Bb7
9. d6 Re8 10. Bc4 Bf8 11. Ne5 e6 12. O-O Qb6 13. bxa6 Nxa6 14. Nb5 Bc6 15. Bd2
Qb7 16. f3 Bxb5 17. axb5 Nb4 18. Rxa8 Rxa8 19. Ng4 Nxg4 20. fxg4 Qe4 21. Bb3 Rb8
22. Bc3 Qxe3+ 23. Kh1 Bg7 24. Rf3 Qe4 25. Qf1 Rf8 26. g5 Nd5 27. Bxg7 Kxg7 28.
Qc1 Nb4 29. Qxc5 Qb1+ 30. Qg1 Qxg1+ 31. Kxg1 Rb8 32. Bc4 Rb6 33. Rb3 Nc2 34. Rd3
Nb4 35. Rd1 e5 36. Rf1 f5 37. gxf6+ Kf8 38. Ra1 Rb8 39. Ra7 1-0

[Event "45th Rilton Cup 2015-16"]
[Site "Stockholm SWE"]
[Date "2016.01.05"]
[Round "9.34"]
[White "Grove, Peter"]
[Black "Rodshtein, Tereza"]
[Result "1-0"]
[BlackTitle "WGM"]
[WhiteElo "2133"]
[BlackElo "2278"]
[WhiteFideId "1411101"]
[BlackFideId "325449"]
[EventDate "2015.12.27"]

1. Nf3 d5 2. c4 d4 3. e4 c5 4. d3 g6 5. Be2 Bg7 6. O-O e5 7. a3 Nc6 8. Ne1 Nge7
9. Nc2 a5 10. b3 O-O 11. Bg5 f6 12. Bd2 Be6 13. b4 axb4 14. axb4 Rxa1 15. Nxa1
Nxb4 16. Nb3 Qb6 17. f4 f5 18. fxe5 fxe4 19. Bg5 exd3 20. Bxe7 dxe2 21. Qxe2
Rxf1+ 22. Qxf1 Na6 23. N1d2 Bf5 24. Bd6 Qc6 25. Qf4 b6 26. g4 Bc8 27. Ne4 Nc7
28. Nf6+ Kh8 29. Nd2 Bb7 30. Nde4 Ne6 31. Qf1 Qa4 32. Nd5 Qe8 33. Nef6 Qf7 34.
Qb1 d3 35. Qxd3 Nd4 36. g5 Qe6 37. Nf4 Qc8 38. Qxg6 Qg8 39. Nxg8 hxg6 40. Nf6
Bxf6 41. gxf6 Bc8 42. f7 1-0

[Event "45th Rilton Cup 2015-16"]
[Site "Stockholm SWE"]
[Date "2016.01.05"]
[Round "9.35"]
[White "Low, Zhen Yu Cyrus"]
[Black "Dahl, Trygve"]
[Result "0-1"]
[WhiteTitle "FM"]
[WhiteElo "2256"]
[BlackElo "2139"]
[WhiteFideId "5804175"]
[BlackFideId "1513427"]
[EventDate "2015.12.27"]

1. e4 c5 2. Ne2 e6 3. Nbc3 a6 4. g3 Nc6 5. Bg2 g6 6. d4 cxd4 7. Nxd4 Qc7 8. O-O
Bg7 9. Nde2 Nge7 10. Bf4 Ne5 11. Qd2 O-O 12. b3 f5 13. Rad1 fxe4 14. Nxe4 d5 15.
N4c3 N7c6 16. Bh6 Nf3+ 17. Bxf3 Bxh6 18. Qxh6 Rxf3 19. Kg2 Ne5 20. Qd2 Bd7 21.
Nb1 Raf8 22. Nd4 R3f6 23. f4 Nc6 24. Nf3 Ne7 25. Ne5 Nf5 26. Rfe1 d4 27. Kg1 Bc6
28. c3 Ne3 29. Qxd4 Nc2 30. Qc5 Nxe1 31. Rxe1 Rd8 32. Qe3 Qd6 33. c4 Qd4 34. Nc3
Qxe3+ 35. Rxe3 Rd2 36. Nxc6 bxc6 37. Ne4 Rd1+ 38. Kf2 Rf8 39. Nc5 Rd2+ 40. Re2
Rxe2+ 41. Kxe2 Kf7 42. Ke3 Ke7 43. b4 Rb8 44. a3 a5 45. bxa5 Ra8 46. a6 Kd6 47.
Kd4 Rf8 48. Nxe6 Kxe6 49. Kc5 Kd7 50. Kb6 Rb8+ 51. Ka5 Kc7 52. a7 Re8 53. Ka6 c5
54. a4 Re6+ 55. Kb5 Kb7 56. Kxc5 Kxa7 57. Kd5 Re2 58. h3 Re3 59. g4 Rxh3 60. f5
gxf5 61. gxf5 Re3 62. f6 h5 63. c5 h4 64. c6 h3 65. c7 Kb7 66. f7 Rf3 0-1

[Event "45th Rilton Cup 2015-16"]
[Site "Stockholm SWE"]
[Date "2016.01.05"]
[Round "9.36"]
[White "Kharmunova, Nadezhda"]
[Black "Brinck-Claussen, Bjorn"]
[Result "1-0"]
[WhiteTitle "WIM"]
[BlackTitle "IM"]
[WhiteElo "2132"]
[BlackElo "2244"]
[WhiteFideId "4195876"]
[BlackFideId "1400134"]
[EventDate "2015.12.27"]

1. e4 e5 2. Nf3 Nc6 3. Nc3 Nf6 4. Be2 d6 5. d4 Be7 6. h3 O-O 7. Be3 exd4 8. Nxd4
d5 9. exd5 Nb4 10. d6 Qxd6 11. Ncb5 Qd8 12. O-O a6 13. Nc3 Nfd5 14. Nxd5 Nxd5
15. Bc1 Bf6 16. Bf3 Ne7 17. c3 c6 18. Nb3 Qc7 19. Be3 Nf5 20. Bc5 Rd8 21. Qe2
Be6 22. Rfe1 a5 23. Nd2 Nh4 24. Be4 Ng6 25. Bxg6 hxg6 26. Qe3 Rd5 27. Ne4 Be7
28. Bb6 Qd7 29. Nc5 Bxc5 30. Bxc5 Rd3 31. Qf4 Qd5 32. Re5 Rd1+ 33. Kh2 Qd7 34.
Rxd1 Qxd1 35. Bd4 Re8 36. Re3 Qc2 37. Qe5 f6 38. Qd6 Qf5 39. Qc7 Qb5 40. b3 Rc8
41. Qe7 Bf7 42. Qd7 Qf5 43. Qxb7 a4 44. Re7 1-0

[Event "45th Rilton Cup 2015-16"]
[Site "Stockholm SWE"]
[Date "2016.01.05"]
[Round "9.37"]
[White "Hammar, Bengt"]
[Black "Pantzar, Milton"]
[Result "0-1"]
[WhiteTitle "FM"]
[WhiteElo "2210"]
[BlackElo "2103"]
[WhiteFideId "1700391"]
[BlackFideId "1721003"]
[EventDate "2015.12.27"]

1. e4 e6 2. d3 d5 3. Nd2 c5 4. Ngf3 Nc6 5. g3 Bd6 6. Bg2 Nge7 7. O-O O-O 8. Re1
Qc7 9. c3 f6 10. a3 a5 11. a4 Bd7 12. Nb3 b6 13. Nbd2 Be8 14. Bh3 Bf7 15. Nh4 e5
16. exd5 Nxd5 17. Nf5 Nce7 18. Nxd6 Qxd6 19. Nc4 Qc7 20. Bg2 Rad8 21. Qc2 Nc8
22. Be4 Kh8 23. Bd2 Bg8 24. Rad1 Nd6 25. Nxd6 Rxd6 26. Bc1 Rfd8 27. Rf1 Qd7 28.
f4 exf4 29. Bxf4 Nxf4 30. Rxf4 Bd5 31. Bf5 Be6 32. Bxe6 Qxe6 33. Rf3 Qg4 34. Re3
h6 35. Rde1 Qg6 36. Qe2 Rxd3 37. Rxd3 Rxd3 38. Qe6 Rd2 39. Qc8+ Kh7 0-1

[Event "45th Rilton Cup 2015-16"]
[Site "Stockholm SWE"]
[Date "2016.01.05"]
[Round "9.38"]
[White "Petersson, Baldur Teodor"]
[Black "Kosmo, Santul"]
[Result "0-1"]
[WhiteElo "1870"]
[BlackElo "2202"]
[WhiteFideId "2309157"]
[BlackFideId "504173"]
[EventDate "2015.12.27"]

1. e4 c5 2. Nc3 d6 3. g3 g6 4. Bg2 Bg7 5. d3 Nc6 6. f4 e6 7. Nf3 Nge7 8. O-O O-O
9. Be3 b6 10. d4 d5 11. e5 Ba6 12. Re1 Nf5 13. Bf2 cxd4 14. Nxd4 Ncxd4 15. Bxd4
Nxd4 16. Qxd4 Qc7 17. Bf1 Bxf1 18. Kxf1 f6 19. exf6 Bxf6 20. Qd3 Rae8 21. Nb5
Qd7 22. c3 g5 23. Kg2 gxf4 24. gxf4 e5 25. fxe5 Bxe5 26. Rad1 d4 27. Nxd4 Qg4+
28. Kh1 Rf2 29. Qg3 Bxg3 30. Rxe8+ Kf7 31. Re7+ Kxe7 32. Nc6+ Kf7 33. Nd8+ Ke8 0-1

[Event "45th Rilton Cup 2015-16"]
[Site "Stockholm SWE"]
[Date "2016.01.05"]
[Round "9.39"]
[White "Wiander, Michael"]
[Black "Norlin, Egor"]
[Result "1-0"]
[WhiteTitle "CM"]
[WhiteElo "2187"]
[BlackElo "2084"]
[WhiteFideId "1702580"]
[BlackFideId "1713973"]
[EventDate "2015.12.27"]

1. e4 e6 2. Qe2 c5 3. d3 Nc6 4. g3 d5 5. Nf3 dxe4 6. dxe4 Nf6 7. c3 Be7 8. Bg2
Qc7 9. O-O O-O 10. e5 Nd7 11. Re1 b6 12. Bf4 Rd8 13. h4 Bb7 14. Nbd2 Nf8 15. h5
h6 16. Ne4 Qd7 17. Nh2 Nh7 18. Rad1 Qe8 19. Ng4 Kh8 20. Nd6 Bxd6 21. exd6 Qd7
22. b4 cxb4 23. cxb4 Rf8 24. b5 Na5 25. Ne5 Qd8 26. d7 Bxg2 27. Kxg2 Qf6 28. Qf3
Kg8 29. Nc6 Nb7 30. Bc7 1-0

[Event "45th Rilton Cup 2015-16"]
[Site "Stockholm SWE"]
[Date "2016.01.05"]
[Round "9.40"]
[White "Bit-Narva, David"]
[Black "Henriksson, Johan"]
[Result "0-1"]
[BlackTitle "FM"]
[WhiteElo "2096"]
[BlackElo "2286"]
[WhiteFideId "24128856"]
[BlackFideId "1703560"]
[EventDate "2015.12.27"]

1. e4 c6 2. d4 d5 3. exd5 cxd5 4. Bd3 Nc6 5. c3 Nf6 6. h3 e5 7. dxe5 Nxe5 8.
Bb5+ Bd7 9. Bxd7+ Qxd7 10. Nf3 Bd6 11. O-O O-O 12. Nxe5 Bxe5 13. Nd2 Rfe8 14.
Nf3 Bc7 15. Qd3 h6 16. Be3 Re4 17. Rfe1 Rae8 18. Rad1 a6 19. Bd4 Nh5 20. Be3 Nf6
21. Bd4 Rxe1+ 22. Nxe1 Qd6 23. Nf3 Ne4 24. Be3 Rd8 25. Bd4 Ng5 26. Re1 Qf4 27.
Nxg5 Qh2+ 28. Kf1 hxg5 29. Qf3 Qd6 30. Qf5 f6 31. b4 Qd7 32. Qg6 Qf7 33. Qf5 Qd7
34. Qf3 Bb6 35. Bxf6 Rf8 36. Re7 Qb5+ 37. Kg1 Rxf6 38. Qh5 Bxf2+ 39. Kh2 Qc6 40.
Re8+ Rf8 41. Rxf8+ Kxf8 42. Qh8+ Kf7 43. Qh5+ Kg8 44. Qxg5 Qd6+ 45. Kh1 Bg3 0-1

[Event "45th Rilton Cup 2015-16"]
[Site "Stockholm SWE"]
[Date "2016.01.05"]
[Round "9.41"]
[White "Jonsson, Emil"]
[Black "Zeier, Klaus"]
[Result "1/2-1/2"]
[WhiteElo "2156"]
[BlackElo "2262"]
[WhiteFideId "1712268"]
[BlackFideId "4696050"]
[EventDate "2015.12.27"]

1. e4 e5 2. Nf3 Nc6 3. Bc4 Nf6 4. d4 exd4 5. O-O Nxe4 6. Re1 d5 7. Bxd5 Qxd5 8.
Nc3 Qh5 9. Nxe4 Be6 10. Bg5 Bd6 11. Nxd6+ cxd6 12. Bf4 Qd5 13. c3 a6 14. Nxd4
Nxd4 15. Qxd4 Qxd4 16. cxd4 Kd7 17. a3 Rac8 18. Rac1 Rc6 19. f3 Rhc8 20. Rxc6
bxc6 21. b4 Rb8 22. Kf2 Rb5 23. Bd2 c5 24. dxc5 dxc5 25. bxc5 Rxc5 26. Rc1 Rxc1
27. Bxc1 Kc6 28. Bd2 h5 29. a4 g6 30. a5 Bc4 1/2-1/2